000 00415 a2200169 4500
001 186929
020 _a85-16-01225-5
040 _cMagnum
100 _aOliveira, Aurelio de
240 1 0 _aO gatinho nicolau, dona chica-cá e o gato-tô
_lpor
245 1 0 _aO gatinho nicolau, dona chica-cá e o gato-tô
300 _a24
362 0 _a1995
440 1 _aModerna
697 _aLITERATURA INFANTO
942 _cBK
999 _c186929
_d186929